OPAC Home

MOSQUITO SURVEYS A HANDED BOOK FOR ANTI-MALARIAL AND ANTI-MOSQUITO FIELD WORKERS (Record no. 234716)

MARC details
000 -LEADER
fixed length control field 00548nam a22001937a 4500
003 - CONTROL NUMBER IDENTIFIER
control field LK-CoDNM
005 - DATE AND TIME OF LATEST TRANSACTION
control field 20250103102125.0
008 - FIXED-LENGTH DATA ELEMENTS--GENERAL INFORMATION
fixed length control field 241220b |||||||| |||| 00| 0 eng d
040 ## - CATALOGING SOURCE
Original cataloging agency LK-CoDNM
Modifying agency LK-CoDNM
Description conventions LK-CoDNM
041 ## - LANGUAGE CODE
Language code of text/sound track or separate title English
080 ## - UNIVERSAL DECIMAL CLASSIFICATION NUMBER
Universal Decimal Classification number 3
Item number V18.A
942 ## - ADDED ENTRY ELEMENTS (KOHA)
Koha item type Books
100 ## - MAIN ENTRY--PERSONAL NAME
Personal name MCGREGOR,MALCOME
700 ## - ADDED ENTRY--PERSONAL NAME
Personal name HOWLETT,FM
245 ## - TITLE STATEMENT
Title MOSQUITO SURVEYS A HANDED BOOK FOR ANTI-MALARIAL AND ANTI-MOSQUITO FIELD WORKERS
260 ## - PUBLICATION, DISTRIBUTION, ETC. (IMPRINT)
Place of publication, distribution, etc. CALCUTTA
Name of publisher, distributor, etc. 1927
Date of publication, distribution, etc. GOVERMENT PRINTING
300 ## - PHYSICAL DESCRIPTION
Extent 293P. : ill ; map ; 24 cm
650 ## - SUBJECT ADDED ENTRY--TOPICAL TERM
Topical term or geographic name as entry element science
Holdings
Withdrawn status Lost status Damaged status Not for loan Collection code Permanent Location Current Location Shelving location Date acquired Full call number Barcode Koha item type
    Damaged   Science Library National Museum Colombo - Sri Lanka Library National Museum Colombo - Sri Lanka Reference 2025-01-03 3 V18.A OS788 Books
Copyright © 2023 Department of National Museum, Colombo 07, Sri Lanka Funded by UNESCO IFAP UNESCO